| 000 | 00670nam a2200169 a 4500 | ||
|---|---|---|---|
| 008 | 120416s1983 ||||||||||||||||| || u | ||
| 020 | _a047126265x | ||
| 050 | _aTP 691 Sta | ||
| 245 | 0 | 0 | _aIP standards for petroleum and its products part 1, methods for analysing and testing |
| 250 | _a42nd annual | ||
| 260 |
_aChichester _bJohn Wiley and Sons _c1983 |
||
| 300 | _avarious pagings : ill. | ||
| 350 | _a0.00 | ||
| 650 | _aPETROLEUM PRODUCTS--STANDARDS--PERIODICALS | ||
| 650 | _aPETROLEUM--STANDARDS--PERIODICALS | ||
| 995 |
_D0.00 _FCBU-MAIN LIBRARY (Kitwe) _H1 _I31.90 _M1 _UAVAILABLE _ZMain Library Open Access Collection |
||
| 999 |
_c48349 _d48349 |
||